Intensive rice cultivation (Record no. 77474)

MARC details
000 -LEADER
fixed length control field 01312nam a2200193 a 4500
008 - FIXED-LENGTH DATA ELEMENTS--GENERAL INFORMATION
fixed length control field 180618s2011 ||||||||||||||||| || u
050 ## - LIBRARY OF CONGRESS CALL NUMBER
Classification number CTA(08)PGS/17A
110 ## - MAIN ENTRY--CORPORATE NAME
Corporate name or jurisdiction name as entry element Technical Centre for Agricultural and Rural Cooperation (CTA)
245 10 - TITLE STATEMENT
Title Intensive rice cultivation
Statement of responsibility, etc. by Technical Centre for Agricultural and Rural Cooperation (CTA)
260 ## - PUBLICATION, DISTRIBUTION, ETC.
Place of publication, distribution, etc. Wageningen:
Date of publication, distribution, etc. 2011
300 ## - PHYSICAL DESCRIPTION
Extent 7 pages : illustrations
650 ## - SUBJECT ADDED ENTRY--TOPICAL TERM
Topical term or geographic name entry element RICE--ECONOMIC ASPECTS
650 ## - SUBJECT ADDED ENTRY--TOPICAL TERM
Topical term or geographic name entry element RICE--POSTHARVESTING TECHNOLOGY
650 ## - SUBJECT ADDED ENTRY--TOPICAL TERM
Topical term or geographic name entry element GRAIN PRODUCTION
995 ## -
-- SPECIAL COLLECTIONS
-- 3583
-- CBU-MAIN LIBRARY (Kitwe)
-- CTA(08)PGS/17F
-- 6
-- AVAILABLE
-- Jun 18, 2018
-- Technical Centre for Agriculture and Rural Cooperation
-- B3583
-- University Collection
995 ## -
-- SPECIAL COLLECTIONS
-- 3584
-- CBU-MAIN LIBRARY (Kitwe)
-- CTA(08)PGS/17G
-- 7
-- AVAILABLE
-- Jun 18, 2018
-- Technical Centre for Agriculture and Rural Cooperation
-- B3584
-- University Collection
995 ## -
-- SPECIAL COLLECTIONS
-- 3586
-- CBU-MAIN LIBRARY (Kitwe)
-- CTA(08)PGS/17H
-- 8
-- AVAILABLE
-- Jun 18, 2018
-- Technical Centre for Agriculture and Rural Cooperation
-- B3585
-- University Collection
995 ## -
-- SPECIAL COLLECTIONS
-- 3582
-- CBU-MAIN LIBRARY (Kitwe)
-- CTA(08)PGS/17E
-- 5
-- AVAILABLE
-- Jun 18, 2018
-- Technical Centre for Agriculture and Rural Cooperation
-- B3582
-- University Collection
999 ## -
-- 77474
-- 77474
Holdings
Withdrawn status Lost status Source of classification or shelving scheme Damaged status Not for loan Permanent Location Current Location Shelving location Date acquired Total Checkouts Full call number Barcode Date last seen Copy number Price effective from Koha item type
          CBU-MAIN LIBRARY, KITWE. CBU-MAIN LIBRARY, KITWE.   04/27/2023   CTA(08)PGS/17F B3583 04/27/2023 1 04/27/2023 SPECIAL COLLECTION
          CBU-MAIN LIBRARY, KITWE. CBU-MAIN LIBRARY, KITWE.   04/27/2023   CTA(08)PGS/17G B3584 04/27/2023 2 04/27/2023 SPECIAL COLLECTION
          CBU-MAIN LIBRARY, KITWE. CBU-MAIN LIBRARY, KITWE.   04/27/2023   CTA(08)PGS/17H B3585 04/27/2023 3 04/27/2023 SPECIAL COLLECTION
          CBU-MAIN LIBRARY, KITWE. CBU-MAIN LIBRARY, KITWE.   04/27/2023   CTA(08)PGS/17E B3582 04/27/2023 4 04/27/2023 SPECIAL COLLECTION